|
|
|
|
| LEADER |
00000naa2a2200000 4500 |
| 001 |
431676 |
| 005 |
20231101075412.0 |
| 035 |
|
|
|a (RuTPU)RU\TPU\prd\91838
|
| 035 |
|
|
|a RU\TPU\prd\30611
|
| 090 |
|
|
|a 431676
|
| 100 |
|
|
|a 20101202a2004 k y0rusy50 ca
|
| 101 |
0 |
|
|a rus
|
| 102 |
|
|
|a RU
|
| 200 |
1 |
|
|a Характеристики фазово-расслоенного состояния манганитов и их связь с транспортными и магнитными свойствами
|f К. И. Кугель, А. Л. Рахманов, А. О. Сбойчаков и др.
|
| 225 |
1 |
|
|a Электронные свойства
|
| 320 |
|
|
|a Библиогр.: 21 назв.
|
| 461 |
|
1 |
|0 (RuTPU)RU\TPU\prd\1443
|x 0044-4510
|t Журнал экспериментальной и теоретической физики
|l ЖЭТФ
|f Российская академия наук (РАН) ; Отделение физических наук РАН
|d 1931-
|
| 463 |
|
1 |
|0 (RuTPU)RU\TPU\prd\91821
|t Т. 125, вып. 3
|v с. 648-658
|d 2004
|
| 610 |
1 |
|
|a манганиты
|
| 610 |
1 |
|
|a модели неоднородного состояния
|
| 610 |
1 |
|
|a ферромагнитно-коррелированные области
|
| 610 |
1 |
|
|a температурные зависимости
|
| 610 |
1 |
|
|a магнитополевая зависимость
|
| 610 |
1 |
|
|a сопротивление
|
| 610 |
1 |
|
|a магнитосопротивление
|
| 610 |
1 |
|
|a восприимчивость манганитов
|
| 610 |
1 |
|
|a фазово-расслоенное состояние
|
| 610 |
1 |
|
|a диэлектрическое поведение
|
| 701 |
|
1 |
|a Кугель
|b К. И.
|
| 701 |
|
1 |
|a Рахманов
|b А. Л.
|
| 701 |
|
1 |
|a Сбойчаков
|b А. О.
|
| 701 |
|
1 |
|a Коган
|b М. Ю.
|
| 701 |
|
1 |
|a Бродский
|b И. В.
|
| 701 |
|
1 |
|a Клапцов
|b А. В.
|
| 801 |
|
1 |
|a RU
|b 63413507
|c 20041202
|g PSBO
|
| 801 |
|
2 |
|a RU
|b 63413507
|c 20101202
|g RCR
|
| 942 |
|
|
|c BK
|